Vývoj vizuálneho SQL klienta v jazyku Object Pascal bakalárska práca

Salvato in:
Dettagli Bibliografici
Autore principale: Mesároš, Tomáš
Ente Autore: Fakulta hospodárskej informatiky EU. Katedra aplikovanej informatiky
Altri autori: Škurla, Peter
Natura: Libro
Lingua:slovacco
Pubblicazione: Bratislava 2014
Tags: Aggiungi Tag
Nessun Tag, puoi essere il primo ad aggiungerne!!

MARC

LEADER 00000nbm a2200000 4500
001 0189721
005 20170201110620.8
041 0 |a slo 
044 |a SK 
245 1 0 |a Vývoj vizuálneho SQL klienta v jazyku Object Pascal  |b bakalárska práca  |c Tomáš Mesároš ; školiteľ: Peter Škurla 
264 1 |a Bratislava  |c 2014 
300 |a 36 s. 
100 1 |a Mesároš, Tomáš 
700 1 |a Škurla, Peter 
710 2 |a Fakulta hospodárskej informatiky EU. Katedra aplikovanej informatiky